LDR 00940naa#a2200193#i#450# 001 RU\\bibl\111248 005 20260417191506.5 011 ## _a2073-0462 100 ## _a20251230b2025####ek#y0rusy0150####ca 101 0# _aRUS 102 ## _aRU 200 1# _aОЦЕНКА АДАПТИВНОСТИ СОРТОВ ЯРОВОЙ ПШЕНИЦЫ РАЗНЫХ ПЕРИОДОВ СОРТОСМЕНЫ МЕТОДОМ GGEBIPLOT АНАЛИЗА _eЖурнальная статья 210 1# _aКазань _cКазанский государственный аграрный университет _d2025 215 ## _a7 с. 608 ## _aЖурнальная статья _2local 675 ## _aПшеница мягкая (обыкновенная). T. aestivum L.. 633.111.1 _aСелекция растений. 631.527 _zRUS 700 #1 _aЗахаров _gВладимир Григорьевич 700 #1 _aЯковлева _gОксана Дмитриевна 856 4# _azh-szf.ru _u